|
|
|
|
| LEADER |
00703nta a2200181 i 4500 |
| 001 |
dipl137910 |
| 005 |
20230810105421.0 |
| 008 |
230810suuuu hu om 0|| hun d |
| 040 |
|
|
|a SZTE Diploma Repozitórium
|b hun
|
| 041 |
|
|
|a hun
|
| 100 |
1 |
|
|a Zsernoviczki György
|
| 245 |
1 |
0 |
|a Lineáris visszacsatolású shift regiszterek periódusának meghatározása számítógép segítségével
|h [elektronikus dokumentum] /
|c György Zsernoviczki
|
| 650 |
|
4 |
|a Informatika
|
| 650 |
|
4 |
|a Natural sciences
|
| 650 |
|
4 |
|a Mathematics
|
| 650 |
|
4 |
|a Computer and information sciences
|
| 700 |
1 |
|
|a Nagy Elemér
|e ths
|
| 856 |
4 |
0 |
|u https://diploma.bibl.u-szeged.hu/id/eprint/137910/1/xxxx_zsernoviczki_gyorgy.pdf
|z Dokumentum-elérés
|